00792cam a2200205 a 4500008004100000020002200041111006000063245015000123260004700273300003600320440004600356504004100402650003900443650002500482650002900507700002300536003000100559005001700560040000900577  a0948601108 (hbk.)2 aJohn Innes Symposiumn(7th :d1986 :cNorwich, England)10aVirus replication and genome interactions :bproceedings of the Seventh John Innes Symposium, Norwich 1986 /cedited by J.W. Davies ... [et al.]. aCambridge :bCompany of Biologists,c1987. a337 p. :bill., ports. ;c26 cm 0aJournal of cell science.pSupplement ;v7 aIncludes bibliographical references. 0aVirusesxReproductionvCongresses. 0aGenomesvCongresses. 0aDNA virusesvCongresses.1 aDavies, Jeffrey W.20230123133141.0 cNUST